LEADER 03408nam 2200541 450 001 9910812743703321 005 20230814223055.0 010 $a3-11-057492-6 010 $a3-11-057607-4 024 7 $a10.1515/9783110576078 035 $a(CKB)4100000005043737 035 $a(MiAaPQ)EBC5157486 035 $a(DE-B1597)489429 035 $a(OCoLC)1046614167 035 $a(DE-B1597)9783110576078 035 $a(Au-PeEL)EBL5157486 035 $a(CaPaEBR)ebr11605165 035 $a(EXLCZ)994100000005043737 100 $a20180921d2018 uy 0 101 0 $aeng 135 $aurcnu|||||||| 181 $ctxt$2rdacontent 182 $cc$2rdamedia 183 $acr$2rdacarrier 200 14$aThe aesthetic use of the logical functions in Kant's third Critique /$fStephanie Adair 210 1$aBerlin ;$aBoston :$cDe Gruyter,$d[2018] 210 4$d©2018 215 $a1 online resource (314 pages) 225 0 $aKantstudien-Ergänzungshefte ;$v202 311 $a3-11-057479-9 327 $tFrontmatter -- $tAcknowledgement -- $tContents -- $tList of Abbreviations -- $tIntroduction -- $tChapter One: Renegotiating Kantian Constraints, Intuiting without Concepts -- $tChapter Two: Logical Functions of Judgment and the Layered Solution -- $tChapter Three: Pleasure Without Interest: Affirming a Negated Interest Through the Infinite Logical Function of Quality -- $tChapter Four: The Universal Validity of a Singular Judgment -- $tChapter Five: Disjunctivity and the Form of Purposiveness -- $tChapter Six: An Exemplary, Conditioned Necessity -- $tConcluding Remarks -- $tWorks Cited -- $tAbstract -- $tIndex 330 $aIn the third Critique Kant details an aesthetic operation of judgment that is surprising considering how judgment functioned in the first Critique. In this book, I defend an understanding of Kant's theory of Geschmacksurteil as detailing an operation of the faculties that does not violate the cognitive structure laid out in the first Critique. My orientation is primarily epistemological, elaborating the determinations that govern the activity of pure aesthetic judging that specify it as a "bestimmte" type of judgment without transforming it into "ein bestimmendes Urteil". I focus on identifying how the logical functions from the table of judgments operate in the pure aesthetic judgment of taste to reveal "the moments to which this power of judgment attends in its reflection" (CPJ, 5:203). In the course of doing so, a picture emerges of how the world is not just cognizable in a Kantian framework but also charged with human feeling, acquiring the inexhaustible, inchoate meaningfulness that incites "much thinking" (CPJ, 5:315). The universal communicability of aesthetic pleasure serves as the foundation that grounds robust intersubjective relations, enabling genuine connection to others through a shared a priori feeling. 606 $aJudgment (Aesthetics) 606 $aJudgment (Logic) 610 $aKant, Immanuel. 610 $aaesthetics. 610 $aepistemology. 615 0$aJudgment (Aesthetics) 615 0$aJudgment (Logic) 676 $a111.85092 700 $aAdair$b Stephanie$01663612 801 0$bMiAaPQ 801 1$bMiAaPQ 801 2$bMiAaPQ 906 $aBOOK 912 $a9910812743703321 996 $aThe aesthetic use of the logical functions in Kant's third Critique$94021050 997 $aUNINA LEADER 03247nam 22006135 450 001 9910350278003321 005 20240312121810.0 010 $a9789811324789 010 $a9811324786 024 7 $a10.1007/978-981-13-2478-9 035 $a(CKB)4100000007587919 035 $a(MiAaPQ)EBC5649671 035 $a(DE-He213)978-981-13-2478-9 035 $a(EXLCZ)994100000007587919 100 $a20190125d2019 u| 0 101 0 $aeng 135 $aurcnu|||||||| 181 $ctxt$2rdacontent 182 $cc$2rdamedia 183 $acr$2rdacarrier 200 10$aContemporary Bali $eContested Space and Governance /$fby Agung Wardana 205 $a1st ed. 2019. 210 1$aSingapore :$cSpringer Nature Singapore :$cImprint: Palgrave Macmillan,$d2019. 215 $a1 online resource (299 pages) 311 08$a9789811324772 311 08$a9811324778 327 $aChapter 1 Introduction -- Chapter 2 The Politics of Development in Bali -- Chapter 3 Crisis and Reorganisation of Space -- Chapter 4 Contesting Sacred Boundaries of Uluwatu -- Chapter 5 The Making of World Heritage Landscape -- Chapter 6 Reclaiming the Common of Benoa Bay -- Chapter 7 Rescaling Space and Resistance -- Chapter 8 Conclusion. 330 $aThis book offers a comprehensive examination of spatial and environmental governance in contemporary Bali. In the era of decentralisation, Bali's eight district governments and one municipality acquired a strong sense of authority to extract revenues from within their territorial borders while disregarding the impacts beyond them which has exacerbated environmental, cultural and institutional issues. These issues are addressed through reorganising space. In reality, however, such re-organisation has predominantly been in order to provide space for tourism investments and market expansion. The outcomes of reorganising space are in fact shaped by the dynamics of power that interface with increasingly complex legal and institutional structures. These complex structures provide more arenas for vested interests to manoeuvre, but at the same time provide different forms of legitimacy for local forces to challenge the dominant process. The book demonstrates the mechanisms through which socialactors mobilise legal-institutional arrangements to advance their interests. 606 $aHuman geography 606 $aPolitical sociology 606 $aEconomic development 606 $aAsia$xPolitics and government 606 $aEnvironmental law 606 $aHuman Geography 606 $aPolitical Sociology 606 $aDevelopment Studies 606 $aAsian Politics 606 $aEnvironmental Law 615 0$aHuman geography. 615 0$aPolitical sociology. 615 0$aEconomic development. 615 0$aAsia$xPolitics and government. 615 0$aEnvironmental law. 615 14$aHuman Geography. 615 24$aPolitical Sociology. 615 24$aDevelopment Studies. 615 24$aAsian Politics. 615 24$aEnvironmental Law. 676 $a959.86 700 $aWardana$b Agung$4aut$4http://id.loc.gov/vocabulary/relators/aut$01059579 906 $aBOOK 912 $a9910350278003321 996 $aContemporary Bali$92507079 997 $aUNINA